The secret of success / (Record no. 174776)

MARC details
000 -LEADER
fixed length control field 00802nam a22002297a 4500
005 - DATE AND TIME OF LATEST TRANSACTION
control field 20200810113212.0
010 ## - LCCN (DPL NO)
LC control number B-732615
020 ## - INTERNATIONAL STANDARD BOOK NUMBER
International Standard Book Number 9788194309581
Terms of availability 390.00
035 ## - SYSTEM CONTROL NUMBER
System control number B-732615
037 ## - SOURCE OF ACQUISITION
Source of stock number/acquisition DBAD//PUB
Stock number dpl
082 ## - DEWEY DECIMAL CLASSIFICATION NUMBER
Classification number 270
100 ## - MAIN ENTRY--PERSONAL NAME
Personal name Wahiduddin Khan
245 ## - TITLE STATEMENT
Title The secret of success /
Statement of responsibility, etc by Wahiduddin Khan ; translated and edited by Farida Khanam, Naghma Siddiqi [and] Maria Khan
260 ## - PUBLICATION, DISTRIBUTION, ETC. (IMPRINT)
Place of publication, distribution, etc New Delhi
Name of publisher, distributor, etc Goodword Books
Date of publication, distribution, etc 2020
270 ## - ADDRESS
Address 1, Nizamuddin West Market
City New Delhi
Postal code 110013
300 ## - PHYSICAL DESCRIPTION
Extent 332p.
Dimensions 20cm(pbk)
700 ## - ADDED ENTRY--PERSONAL NAME
Personal name Farida Khanam
700 ## - ADDED ENTRY--PERSONAL NAME
Personal name Naghma Siddiqi
700 ## - ADDED ENTRY--PERSONAL NAME
Personal name Maria Khan
942 ## - ADDED ENTRY ELEMENTS (KOHA)
Source of classification or shelving scheme Dewey Decimal Classification
Item type English Books
Classification part 270
Call number suffix WAH
Holdings
Withdrawn status Lost status Not for loan Collection code Home library Current library Date acquired Source of acquisition Cost, normal purchase price Full call number Barcode Copy number Cost, replacement price Koha item type
      Non-fiction Central Library Central Library 06/07/2020 Gift/Eng/27.02.2020 390.00 270 WAH B-732615 1 390.00 English Books

© Delhi Public Library
Hit Counter
free hit counter